000 015430000a22003370004500
003 EG-GICUC
005 20250223025427.0
008 080817s2008 ua dh f m 000 0 eng d
040 _aEG-GICUC
_beng
_cEG-GICUC
041 0 _aEng
049 _aDeposite
097 _aM.Sc
099 _aCai01.13.08.M.Sc.2008.Kh.D
100 0 _aKhaled Salah Mohammed
245 1 0 _aDesign and FPGA implementation of a non data aided bluetooth 2.0 transceiver /
_cKhaled Salah Mohammed ; Supervised Serag Eldin Habib , Hisham Hamed
246 1 5 _aتنفيذ دوائر ارسال واستقبال البلوتوث 2 باستخدام بوابات المنطق المبرمجه حقليا
260 _aCairo :
_bKhaled Salah Mohammed ,
_c2008
300 _a112P. :
_bcharts , facsimiles ;
_c30cm
502 _aThesis (M.Sc.) - Cairo University - Faculty Of Engineering - Department Of Electronics and Communications
520 _aClassical designs of the bluetooth receiver utilize data aided techniques to correct carrier frequency offsets and symbol timing errors non data aided techniques offer an alternate higher performance approach to correct the same problems at the penalty of an increased hardware complexity and cost
530 _aIssued also as CD
653 4 _aBluetooth
653 4 _aFPGA
653 4 _aVHDL
700 0 _aHisham Hamed ,
_eSupervisor
700 0 _aSerag Eldin Habib ,
_eSupervisor
856 _uhttp://172.23.153.220/th.pdf
905 _aEnas
_eCataloger
905 _aMustafa
_eRevisor
942 _2ddc
_cTH
999 _c12739
_d12739